Tilastot visalle Neljä valtiota, joilla on samankaltaiset liput #2

Klikkaa tästä pelataksesi tätä visaa!

Yleistilastot

  • Tätä visaa on pelattu 910 kertaa
  • Keskiarvotulos 12 / 16

Vastaustilastot

Vastaus% Oikein
Itävalta
98%
Puola
97%
Monaco
90%
Indonesia
89%
Egypti
85%
Liettua
84%
Irak
83%
Syyria
79%
Etiopia
70%
Ghana
69%
Jemen
65%
Yhdistyneet arabiemiirikunnat
64%
Jordania
62%
Kuwait
61%
Sudan
48%
Bolivia
45%

Tulosjakauma

Persentiili vastausten määrän mukaan

Jokaisen tuloksen saaneiden osuus

Tuloshistoriasi

Et ole pelannut tätä visaa